000 01481nam a2200409 a 4500
003 AR-BaBNM
005 20251128204552.0
008 082120s2002 ||||||||||||||000 | spa||
020 _a0-8270-3167-X
040 _cAR-BaBNM
100 1 _aGómez-Palacio, Margarita
245 0 0 _aIndicadores de la comprensión lectora
250 _a1ª ed.
260 _aWashington, D.C.
_bOEA
_c1994
300 _axii, 144 p.
_bil., cuadros, gráfs.
490 0 _aColección Interamer. Serie educativa
500 _aTextos de evaluación: p. 139-140
500 _aPublicación del Proyecto multinacional de educación básica {PRODEBAS} y el Proyecto multinacional de bibliotecas, información y comunicación que ejecutan los Estados miembros de la OEA
504 _aBibliografía: p. 137
650 4 _aENSEÑANZA DE LA LECTURA
650 4 _aORIENTACION PARA LA LECTURA
650 4 _aAPTITUD PARA LA LECTURA
650 4 _aMADUREZ PARA LA LECTURA
650 4 _aEVALUACION DEL ALUMNO
650 4 _aMATERIAL Y EQUIPO DIDACTICOS
650 4 _aALFABETIZACION
653 _aINNOVACIONES EDUCATIVAS
653 _aEDUCACION PRIMARIA
653 _aCOMPRENSION LECTORA
653 _aINTERACCION EDUCATIVA
700 1 _aGonzález Guerrero, Laura V.
_ecolaborador
700 1 _aLópez-Arraiza y Castro, María de Lourdes
_ecolaborador
700 1 _aAdame Moreno, María Georgina
_ecolaborador
800 1 _aCarvalho, Getúlio P.
_edirector
942 _cBK
998 _cEthel
999 _c7956
_d7956